000 00550nam a22001697u 4500
008 130405s1885 xxu||||| |||| 00| 0 spa d
041 _aspa
100 1 _aLe Sage, Alain
_933414
245 0 0 _aHistoria de Gil Blas de Santillana
_cAlain Le Sage, José Francisco de (S.I.) Isla
250 _a3ª ed.
260 _aBarcelona:
_bImp Universal de J.B. Llop,
_c1885
300 _a658 p.
_c;220 cm.
650 0 4 _aLiteratura Española
_xLingüística y filología
_914361
700 1 _aIsla, José Francisco de (S.I.)
_914298
942 _cBK
001 67338
999 _c262079
_d262079